The insects of Australia : (Record no. 15789)

000 -LEADER
fixed length control field 00560nam a2200169Ii 4500
020 ## - INTERNATIONAL STANDARD BOOK NUMBER
ISBN 0522840701
040 ## - CATALOGING SOURCE
Transcribing agency LDL
082 ## - DEWEY DECIMAL CLASSIFICATION NUMBER
Classification number 595 MEL 1974 A080 Or.
245 04 - TITLE STATEMENT
Title The insects of Australia :
Remainder of title a textbook for student and research workers. Supplement 1974 /
260 ## - PUBLICATION, DISTRIBUTION, ETC. (IMPRINT)
Place of publication Carlton, Aust. :
Name of publisher Melbourne University Press,
Year of publication 1974
300 ## - PHYSICAL DESCRIPTION
Number of Pages viii, 146 p. :
Other physical details ill. ;
Dimensions 25 cm
500 ## - GENERAL NOTE
General note Includes index
500 ## - GENERAL NOTE
General note ISBN 0-522-84070-1
650 #0 - SUBJECT ADDED ENTRY--TOPICAL TERM
Topical Term Insects
710 11 - ADDED ENTRY--CORPORATE NAME
Corporate name or jurisdiction name as entry element Commonwealth Scientific and Industrial Research Organization (Australia).
942 ## - ADDED ENTRY ELEMENTS (KOHA)
Koha item type សៀវភៅភាសាអង់គ្លេស
952 ## - LOCATION AND ITEM INFORMATION (KOHA)
Withdrawn status [LOCAL, KOHA] 0
Holdings
Permanent Location Date acquired Koha item type Lost status Shelving location Barcode Current Location Full call number
Library Block A2017-12-11សៀវភៅភាសាអង់គ្លេស A080A12242Library Block A595 MEL 1974 A080 Or.
មជ្ឈមណ្ឌលឯការនៃសាកលវិទ្យាល័យភូមិន្ទកសិកម្មចំការដូង

Powered by Koha